[Event "Karpos Open 2016"]
[Site "Skopje, MKD"]
[Date "2016.04.02"]
[Round "2"]
[Board "5"]
[White "Percivaldi, Martin"]
[Black "Georgiev, Kiril"]
[Result "1/2-1/2"]
[WhiteElo "2306"]
[BlackElo "2631"]
[PlyCount "83"]
[EventDate "2016.04.01"]
[EventRounds "9"]
[EventCountry "MKD"]

1. d4 Nf6 2. c4 e6 3. Nf3 d5 4. g3 dxc4 5. Bg2 Bb4+ 6. Bd2 a5 7. O-O Nc6 8. e3
O-O 9. Qc2 e5 10. dxe5 Ng4 11. a3 Bxd2 12. Nbxd2 Ncxe5 13. Nxe5 Nxe5 14. Nxc4
Nxc4 15. Qxc4 c6 16. Rfd1 Qb6 17. Qd4 Qxd4 18. Rxd4 Re8 19. Rad1 Kf8 20. e4 Be6
21. f4 f6 22. Kf2 Ra6 23. Bf3 Rb6 24. R1d2 Rb5 25. Be2 Rc5 26. h4 b5 27. Bf3
Ke7 28. f5 Bc8 29. g4 Re5 30. Rd6 Rc5 31. g5 Rc2 32. Ke3 Rxd2 33. Rxd2 Bb7 34.
Kf4 c5 35. Bh5 Rd8 36. Rxd8 Kxd8 37. e5 Ke7 38. Be2 Bc6 39. Bd3 Be8 40. Be2 Bc6
41. Bd3 Be8 42. Be2 1/2-1/2

[Event "Karpos Open 2016"]
[Site "Skopje, MKD"]
[Date "2016.04.02"]
[Round "2"]
[Board "6"]
[White "Kozul, Zdenko"]
[Black "Jovanovic, Bojan P"]
[Result "1-0"]
[WhiteElo "2600"]
[BlackElo "2298"]
[PlyCount "83"]
[EventDate "2016.04.01"]
[EventRounds "9"]
[EventCountry "MKD"]

1. Nf3 e6 2. g3 b6 3. Bg2 Bb7 4. O-O f5 5. d3 Nf6 6. e4 fxe4 7. Ng5 Bc5 8. Nc3
Nc6 9. Ncxe4 Be7 10. f4 Nxe4 11. Nxe4 O-O 12. d4 Qe8 13. c3 Nd8 14. Re1 Rb8 15.
b4 Nf7 16. a4 a6 17. Qd3 b5 18. f5 exf5 19. Nc5 Bxg2 20. Kxg2 Rb6 21. axb5 Qa8+
22. Kg1 Bxc5 23. dxc5 Rxb5 24. Qxd7 Qf3 25. Bd2 f4 26. Rf1 Qh5 27. Rxf4 Rbb8
28. Raf1 h6 29. Rf5 Qg6 30. Qxc7 Rbe8 31. Qf4 Re7 32. Be3 Rfe8 33. Bd4 Re4 34.
Qf3 Ng5 35. Rf8+ Kh7 36. Qf5 Rxf8 37. Qxg6+ Kxg6 38. Rxf8 Ne6 39. Ra8 Re2 40.
Rxa6 Kf5 41. Kf1 Rxh2 42. g4+ 1-0

[Event "Karpos Open 2016"]
[Site "Skopje, MKD"]
[Date "2016.04.02"]
[Round "2"]
[Board "7"]
[White "Gokerkan, Cem Kaan"]
[Black "Brkic, Ante"]
[Result "1-0"]
[WhiteElo "2295"]
[BlackElo "2598"]
[PlyCount "87"]
[EventDate "2016.04.01"]
[EventRounds "9"]
[EventCountry "MKD"]

1. e4 g6 2. d4 Bg7 3. Nc3 d6 4. f4 Nf6 5. Nf3 O-O 6. Bd3 Nc6 7. e5 dxe5 8. dxe5
Nd5 9. Nxd5 Qxd5 10. Qe2 Bg4 11. Be4 Qa5+ 12. Bd2 Qb6 13. O-O-O Nd4 14. Qd3 c5
15. Be3 Bxf3 16. Bxf3 Nxf3 17. gxf3 Rfd8 18. Qc4 Qc6 19. Qe4 Qe6 20. c4 f6 21.
Rd5 fxe5 22. Rhd1 Rxd5 23. Rxd5 Rf8 24. Rxc5 Qh3 25. Rc7 Qf1+ 26. Kc2 Qe2+ 27.
Kb3 Rd8 28. Bxa7 Rd3+ 29. Ka4 Qxe4 30. fxe4 exf4 31. Rxb7 Rd2 32. c5 Rc2 33.
Rb3 Bxb2 34. Kb5 Bd4 35. a4 g5 36. a5 g4 37. a6 f3 38. Kc6 f2 39. Rb1 Ra2 40.
Kb7 Rb2+ 41. Rxb2 f1=Q 42. c6 Be5 43. Bb6 Qc4 44. Rd2 1-0

[Event "Karpos Open 2016"]
[Site "Skopje, MKD"]
[Date "2016.04.02"]
[Round "2"]
[Board "8"]
[White "Baglan, Esat"]
[Black "Saric, Ante"]
[Result "0-1"]
[WhiteElo "2285"]
[BlackElo "2587"]
[PlyCount "102"]
[EventDate "2016.04.01"]
[EventRounds "9"]
[EventCountry "MKD"]

1. e4 e6 2. d4 d5 3. Nd2 c5 4. exd5 Qxd5 5. Ngf3 cxd4 6. Bc4 Qd6 7. O-O Nf6 8.
Nb3 Nc6 9. Nbxd4 Nxd4 10. Nxd4 Be7 11. c3 O-O 12. Qf3 Qc7 13. Bd3 Bd7 14. Re1
Bd6 15. Bg5 Nd5 16. Qh5 g6 17. Qh4 Bf4 18. Be4 Bxg5 19. Qxg5 Nb6 20. Qf6 e5 21.
Nf3 Rae8 22. Rad1 Re6 23. Qh4 f6 24. Bc2 Re7 25. Bb3+ Kg7 26. Qb4 Rfe8 27. Nd2
f5 28. a4 Bc6 29. Qc5 Bxa4 30. Qa3 Bxb3 31. Qxb3 e4 32. c4 Nd7 33. Qc3+ Qe5 34.
Qa3 Nf6 35. Nf1 b6 36. Ne3 Rf7 37. Nd5 Ng4 38. g3 Rc8 39. Nf4 Rxc4 40. Rd5 Qe7
41. Qa1 Qf6 42. Red1 Rc2 43. Rd7 e3 44. fxe3 Nxh2 45. Qxa7 Nf3+ 46. Kf1 Ne5 47.
Rxf7+ Qxf7 48. Qxb6 Qc4+ 49. Nd3 Qe4 50. Nf2 Rxf2+ 51. Kxf2 Qc2+ 0-1

[Event "Karpos Open 2016"]
[Site "Skopje, MKD"]
[Date "2016.04.02"]
[Round "2"]
[Board "9"]
[White "Zupe, Miran"]
[Black "Svetushkin, Dmitry"]
[Result "0-1"]
[WhiteElo "2282"]
[BlackElo "2562"]
[PlyCount "104"]
[EventDate "2016.04.01"]
[EventRounds "9"]
[EventCountry "MKD"]

1. e4 g6 2. d4 Bg7 3. Nc3 d6 4. Be3 c6 5. a4 Nf6 6. f3 Nbd7 7. Qd2 Qa5 8. Nge2
e5 9. Nc1 O-O 10. Nb3 Qc7 11. Be2 d5 12. exd5 Nxd5 13. Nxd5 cxd5 14. O-O Nb6
15. Bf2 Bf5 16. c3 Nc4 17. Bxc4 dxc4 18. Nc1 Rad8 19. Rd1 Rd5 20. Ne2 Rfd8 21.
Re1 Bd3 22. dxe5 Bxe5 23. g3 h5 24. Nd4 h4 25. Kg2 Kg7 26. Qe3 a6 27. f4 Bxd4
28. cxd4 Qd7 29. gxh4 Bc2 30. a5 Ba4 31. Qh3 Rf5 32. Re5 Bc6+ 33. Kf1 f6 34.
Rxf5 gxf5 35. Ke2 Be4 36. Rg1+ Kf7 37. Qc3 Qd5 38. Kd2 Bd3 39. Kc1 Qf3 40. Qd2
Qc6 41. Qb4 Qc7 42. Be3 Rd5 43. h5 Rxa5 44. Kd2 Rb5 45. h6 Rxb4 46. Rg7+ Ke6
47. Rxc7 Rxb2+ 48. Kd1 Rxh2 49. h7 b5 50. Bg1 Rh3 51. Rb7 c3 52. Rc7 b4 0-1

[Event "Karpos Open 2016"]
[Site "Skopje, MKD"]
[Date "2016.04.02"]
[Round "2"]
[Board "10"]
[White "Nikolov, Momchil"]
[Black "Andonovski, Ljubisa"]
[Result "1-0"]
[WhiteElo "2559"]
[BlackElo "2293"]
[PlyCount "123"]
[EventDate "2016.04.01"]
[EventRounds "9"]
[EventCountry "MKD"]

1. d4 Nf6 2. c4 e6 3. Nf3 Bb4+ 4. Nbd2 O-O 5. a3 Be7 6. e4 d6 7. Be2 Nbd7 8.
O-O e5 9. b4 exd4 10. Nxd4 Re8 11. f3 Bf8 12. N2b3 g6 13. Bg5 h6 14. Be3 c6 15.
Qd2 Kh7 16. Rfe1 Ne5 17. Rad1 d5 18. exd5 cxd5 19. Nb5 Be6 20. Qc3 a6 21. N5d4
Bd7 22. c5 Bg7 23. Na5 Qc7 24. Rc1 Re7 25. Bf2 Rae8 26. Bf1 Nh5 27. Qd2 Nf6 28.
Bg3 Qc8 29. Bh4 Nc6 30. Rxe7 Rxe7 31. Naxc6 Bxc6 32. Bg3 Nh5 33. Bd6 Re8 34.
Nxc6 Qxc6 35. Rd1 Nf6 36. b5 axb5 37. Rb1 Re6 38. Bxb5 Qc8 39. a4 b6 40. Rc1
bxc5 41. Bxc5 Qb7 42. Rb1 Nd7 43. Bd4 Bxd4+ 44. Qxd4 Rb6 45. g3 Nf8 46. Qb4 Qa7
47. Kg2 Ne6 48. Rb2 Rb8 49. Rc2 Qe3 50. Qc3 Qxc3 51. Rxc3 Nd4 52. Kf2 Kg7 53.
Rc5 Nxb5 54. axb5 d4 55. Ke2 Kf6 56. Kd3 Ke6 57. f4 Kd6 58. Kxd4 Ra8 59. Rc6+
Kd7 60. Ra6 Rb8 61. Kc5 Rc8+ 62. Kd5 1-0

[Event "Karpos Open 2016"]
[Site "Skopje, MKD"]
[Date "2016.04.02"]
[Round "2"]
[Board "11"]
[White "Vujacic, Borivoje"]
[Black "Dvirnyy, Danyyil"]
[Result "0-1"]
[WhiteElo "2253"]
[BlackElo "2555"]
[PlyCount "122"]
[EventDate "2016.04.01"]
[EventRounds "9"]
[EventCountry "MKD"]

1. e4 c6 2. d4 d5 3. Nd2 dxe4 4. Nxe4 Bf5 5. Ng3 Bg6 6. h4 h6 7. Nf3 e6 8. h5
Bh7 9. Bd3 Bxd3 10. Qxd3 Nf6 11. Bd2 Be7 12. O-O-O O-O 13. Kb1 c5 14. Be3 cxd4
15. Qb3 Qc7 16. Bxd4 Nc6 17. Bxf6 Bxf6 18. Ne4 Be7 19. a3 Rfd8 20. Qe3 Na5 21.
Qe2 Nc4 22. Nfd2 Nb6 23. Nb3 Qe5 24. Nc3 Bf6 25. Qxe5 Bxe5 26. Rxd8+ Rxd8 27.
Rd1 Rc8 28. Ne2 Nd5 29. Rh1 f5 30. c3 Kf7 31. Nbd4 Nf6 32. Kc1 Rd8 33. Rh3 Rd5
34. f3 f4 35. Rh4 Bxd4 36. cxd4 Rxh5 37. Rxh5 Nxh5 38. Kd2 g5 39. Nc3 Ke7 40.
d5 Nf6 41. dxe6 Kxe6 42. Kd3 Ke5 43. Nb5 a6 44. Nc3 h5 45. Na4 Nd7 46. b4 g4
47. fxg4 hxg4 48. Nb2 Kd5 49. Nd1 Ne5+ 50. Ke2 Kd4 51. Kd2 Nc4+ 52. Ke2 Nxa3
53. Nf2 Nc2 54. b5 Ne3 55. bxa6 bxa6 56. Nd3 Nxg2 57. Nb4 Nh4 58. Nxa6 g3 59.
Nb4 f3+ 60. Kf1 Ng2 61. Nc6+ Ke4 0-1

[Event "Karpos Open 2016"]
[Site "Skopje, MKD"]
[Date "2016.04.02"]
[Round "2"]
[Board "12"]
[White "Maiorov, Nikita"]
[Black "Piasetski, Leon"]
[Result "1/2-1/2"]
[WhiteElo "2547"]
[BlackElo "2282"]
[PlyCount "75"]
[EventDate "2016.04.01"]
[EventRounds "9"]
[EventCountry "MKD"]

1. d4 g6 2. g3 Bg7 3. Bg2 c5 4. d5 d6 5. Nf3 Na6 6. O-O Nc7 7. a4 Nf6 8. c4 e6
9. dxe6 Nxe6 10. Nc3 O-O 11. Qd3 Qe7 12. h3 Rd8 13. Rd1 h6 14. e4 b6 15. Be3
Bb7 16. Nd5 Nxd5 17. cxd5 Nc7 18. Rab1 Re8 19. Nd2 Na6 20. Nc4 Nb4 21. Qd2 Ba6
22. b3 Kh7 23. Rbc1 Rad8 24. Re1 Qf8 25. g4 g5 26. f4 gxf4 27. Bxf4 Bxc4 28.
bxc4 Be5 29. Be3 Qg7 30. Rf1 Rd7 31. Kh1 Bd4 32. Bf4 Be5 33. Rcd1 Bxf4 34. Rxf4
Re5 35. Rdf1 Rg5 36. Rf6 Kg8 37. R1f3 Rg6 38. R6f4 1/2-1/2

[Event "Karpos Open 2016"]
[Site "Skopje, MKD"]
[Date "2016.04.02"]
[Round "2"]
[Board "13"]
[White "Injac, Teodora"]
[Black "Mastrovasilis, Athanasios"]
[Result "0-1"]
[WhiteElo "2240"]
[BlackElo "2538"]
[PlyCount "74"]
[EventDate "2016.04.01"]
[EventRounds "9"]
[EventCountry "MKD"]

1. Nf3 Nf6 2. c4 e6 3. g3 d5 4. b3 Be7 5. Bg2 O-O 6. O-O c5 7. Bb2 d4 8. e3 Nc6
9. exd4 cxd4 10. Re1 Ne8 11. d3 f6 12. Ba3 e5 13. Bxe7 Qxe7 14. a3 a5 15. Nbd2
Nc7 16. Qc2 Na6 17. h3 Bd7 18. Re2 Rae8 19. Qb2 Nc5 20. Ne1 f5 21. Nb1 Na6 22.
Nd2 Kh8 23. Nef3 Nc5 24. Ne1 Qf6 25. Nb1 e4 26. b4 Na4 27. Qc1 Nc3 28. Nxc3
dxc3 29. Re3 Nd4 30. Ra2 exd3 31. Nxd3 c2 32. Kh2 Bc6 33. Nf4 Bxg2 34. Nxg2 Qc6
35. c5 Qd5 36. Rb2 Nf3+ 37. Kh1 Qd1+ 0-1

[Event "Karpos Open 2016"]
[Site "Skopje, MKD"]
[Date "2016.04.02"]
[Round "2"]
[Board "14"]
[White "Kovacevic, Aleksandar"]
[Black "Blagojevic, Tijana"]
[Result "1-0"]
[WhiteElo "2520"]
[BlackElo "2273"]
[PlyCount "103"]
[EventDate "2016.04.01"]
[EventRounds "9"]
[EventCountry "MKD"]

1. c4 e5 2. Nc3 Bb4 3. Nd5 a5 4. Nf3 Nc6 5. a3 Be7 6. d4 d6 7. e3 Nf6 8. Be2
O-O 9. O-O exd4 10. Nxe7+ Qxe7 11. Nxd4 Nxd4 12. exd4 Re8 13. Bf3 a4 14. Bd2 c6
15. Re1 Qd8 16. Rxe8+ Nxe8 17. Qe2 Nc7 18. d5 cxd5 19. cxd5 Bd7 20. Re1 Na6 21.
Bf4 Qf6 22. Bg4 Qxf4 23. Bxd7 g6 24. g3 Qg5 25. Bxa4 Nc5 26. Bb5 Qxd5 27. Bc4
Qf5 28. Qe7 Rc8 29. b4 Nd7 30. Be6 fxe6 31. Qxd7 Rc2 32. Qxe6+ Qxe6 33. Rxe6 d5
34. Rd6 Rc1+ 35. Kg2 Rd1 36. Kf3 Rd3+ 37. Ke2 Rxa3 38. Rxd5 Ra2+ 39. Ke3 Ra3+
40. Rd3 Ra8 41. Rd7 Re8+ 42. Kd3 b5 43. Rd5 Rb8 44. Kd4 Kg7 45. Kc5 Kf6 46. Kc6
Ke6 47. Rc5 Rd8 48. Kxb5 Rd2 49. Kc6 Rxf2 50. b5 Rxh2 51. b6 Rb2 52. b7 1-0

[Event "Karpos Open 2016"]
[Site "Skopje, MKD"]
[Date "2016.04.02"]
[Round "2"]
[Board "15"]
[White "Ozen, Bahadir"]
[Black "Blagojevic, Dragisa"]
[Result "1/2-1/2"]
[WhiteElo "2221"]
[BlackElo "2509"]
[PlyCount "40"]
[EventDate "2016.04.01"]
[EventRounds "9"]
[EventCountry "MKD"]

1. Nf3 d5 2. g3 c6 3. Bg2 Bg4 4. O-O e6 5. c4 Nf6 6. cxd5 Bxf3 7. Bxf3 cxd5 8.
d4 Nc6 9. Nc3 Be7 10. e3 O-O 11. Bd2 Rc8 12. Qe2 Qd7 13. Rfd1 Rfd8 14. Be1 h6
15. Rac1 Bf8 16. Bg2 Ne7 17. Rc2 Rc7 18. Rdc1 Rdc8 19. Bf1 Ne8 20. Nb5 Rxc2
 1/2-1/2

[Event "Karpos Open 2016"]
[Site "Skopje, MKD"]
[Date "2016.04.02"]
[Round "2"]
[Board "16"]
[White "Pancevski, Filip"]
[Black "Saraci, Nderim"]
[Result "1-0"]
[WhiteElo "2500"]
[BlackElo "2243"]
[PlyCount "93"]
[EventDate "2016.04.01"]
[EventRounds "9"]
[EventCountry "MKD"]

1. g3 d5 2. Bg2 g6 3. d3 Bg7 4. Nf3 Nf6 5. O-O O-O 6. Nbd2 c5 7. c3 Nc6 8. e4
Bg4 9. h3 Bxf3 10. Qxf3 d4 11. c4 a6 12. Qe2 e5 13. Nb3 Qe7 14. Bg5 h6 15. Bd2
Rac8 16. h4 b6 17. Bh3 Rc7 18. Rab1 Ne8 19. h5 g5 20. a3 Nd6 21. Nc1 b5 22. Nb3
bxc4 23. Nxc5 c3 24. bxc3 dxc3 25. Be3 Nb5 26. Nxa6 Ncd4 27. Qg4 Ra7 28. a4 c2
29. Rxb5 Rxa6 30. Bxd4 exd4 31. Qe2 Rxa4 32. Qxc2 Rfa8 33. Rfb1 Ra2 34. Qc4 Ra1
35. Rxa1 Rxa1+ 36. Kg2 Ra8 37. Qb3 Qa3 38. Qd5 Rf8 39. Rb3 Qa2 40. Bg4 Bf6 41.
Bd1 Qd2 42. Bf3 Qa2 43. Bg4 Bg7 44. Qb5 Ra8 45. Rb2 Qa4 46. Qd5 Qa5 47. Rb8+
 1-0

[Event "Karpos Open 2016"]
[Site "Skopje, MKD"]
[Date "2016.04.02"]
[Round "2"]
[Board "17"]
[White "Petrov, Georgi"]
[Black "Valsecchi, Alessio"]
[Result "0-1"]
[WhiteElo "2221"]
[BlackElo "2492"]
[PlyCount "60"]
[EventDate "2016.04.01"]
[EventRounds "9"]
[EventCountry "MKD"]

1. Nf3 c5 2. c4 Nc6 3. d4 cxd4 4. Nxd4 g6 5. Nc3 Bg7 6. Nb3 Nf6 7. g3 a5 8. Bg2
h5 9. O-O h4 10. Bg5 hxg3 11. hxg3 a4 12. Nd4 Nxd4 13. Qxd4 Kf8 14. Rad1 Kg8
15. Qd2 Qf8 16. e4 d6 17. Nd5 Nxd5 18. exd5 Bg4 19. Rde1 Re8 20. f3 Bd7 21. Kf2
b5 22. cxb5 Bxb5 23. Rh1 Rxh1 24. Bxh1 Bd7 25. Bg2 Rb8 26. Bxe7 Qc8 27. Kg1
Qc5+ 28. Kh1 Rxb2 29. Qe3 Qc2 30. Rg1 Bh3 0-1

[Event "Karpos Open 2016"]
[Site "Skopje, MKD"]
[Date "2016.04.02"]
[Round "2"]
[Board "18"]
[White "Milanovic, Danilo"]
[Black "Ivanov, Stojan Emilov"]
[Result "1-0"]
[WhiteElo "2485"]
[BlackElo "2231"]
[PlyCount "111"]
[EventDate "2016.04.01"]
[EventRounds "9"]
[EventCountry "MKD"]

1. d4 Nf6 2. c4 e6 3. Nc3 Bb4 4. e3 O-O 5. Bd3 b6 6. Nge2 Bb7 7. O-O d5 8. cxd5
exd5 9. f3 Nbd7 10. Bd2 Re8 11. Qe1 c5 12. Qf2 Rc8 13. a3 Bxc3 14. bxc3 Rc7 15.
Ng3 Nb8 16. a4 Nc6 17. Bb5 Re6 18. dxc5 bxc5 19. c4 Nb4 20. cxd5 Nfxd5 21. e4
Ne7 22. Bf4 Rc8 23. Rfd1 Qb6 24. Bd7 h6 25. a5 Qa6 26. Bxc8 Bxc8 27. Qxc5 Nd3
28. Qe3 Nb2 29. Rd8+ Kh7 30. Qc3 Nc4 31. Nf5 Nxf5 32. exf5 Rf6 33. Be5 Nxe5 34.
Qxc8 Qxc8 35. Rxc8 Rxf5 36. Rc7 a6 37. Rac1 Nd3 38. R1c3 Nf4 39. R3c5 Rf6 40.
R7c6 Ne6 41. Rc4 Rf5 42. Rxa6 Rb5 43. Rxe6 fxe6 44. Ra4 Rb8 45. a6 Kg6 46. a7
Ra8 47. Kf2 Kf6 48. Ke3 Ke5 49. Ra5+ Kd6 50. Ke4 h5 51. Ra6+ Kc7 52. Ke5 Kb7
53. Ra2 h4 54. f4 g6 55. h3 Kb6 56. Kxe6 1-0

[Event "Karpos Open 2016"]
[Site "Skopje, MKD"]
[Date "2016.04.02"]
[Round "2"]
[Board "19"]
[White "Nedev, Trajko"]
[Black "Dhanush, Bharadwaj"]
[Result "1/2-1/2"]
[WhiteElo "2474"]
[BlackElo "2221"]
[PlyCount "159"]
[EventDate "2016.04.01"]
[EventRounds "9"]
[EventCountry "MKD"]

1. e4 c5 2. Nf3 d6 3. d4 cxd4 4. Nxd4 Nf6 5. Nc3 a6 6. Be3 e5 7. Nb3 Be6 8. h3
h5 9. Qd2 Nbd7 10. O-O-O b5 11. f4 Rc8 12. Kb1 Be7 13. Bd3 Qc7 14. f5 Bc4 15.
a3 Bxd3 16. Qxd3 Qc4 17. Nd2 Qxd3 18. cxd3 Bd8 19. Nf3 Ba5 20. Bd2 Bb6 21. Bg5
Ba5 22. Bd2 Bb6 23. g4 Nc5 24. g5 Nfd7 25. Nd5 Bd8 26. Rc1 Rb8 27. Rc3 Nb6 28.
b4 Nca4 29. Rc6 Kd7 30. Rhc1 Nxd5 31. exd5 Nb6 32. d4 e4 33. Ne5+ dxe5 34. dxe5
Nc4 35. Bf4 Rb6 36. Rc5 Re8 37. e6+ Ke7 38. Bc7 Rb7 39. Bf4 fxe6 40. dxe6 Bb6
41. Rc6 e3 42. Rd1 Rf8 43. Rxc4 bxc4 44. Bd6+ Ke8 45. Bxf8 Kxf8 46. f6 gxf6 47.
gxf6 e2 48. Re1 Bd4 49. e7+ Kf7 50. Rxe2 Rb8 51. Re4 Bxf6 52. Rxc4 a5 53. Kc2
axb4 54. Rxb4 Rc8+ 55. Kd1 Rc3 56. h4 Bxe7 57. Rf4+ Ke6 58. Re4+ Kd6 59. a4 Rh3
60. Ke2 Bxh4 61. a5 Bd8 62. Rd4+ Kc7 63. Ra4 Kb7 64. a6+ Ka7 65. Kf2 h4 66. Kg2
Rd3 67. Ra1 h3+ 68. Kh1 Bc7 69. Kg1 h2+ 70. Kh1 Rd2 71. Rc1 Bd6 72. Ra1 Be5 73.
Re1 Bg3 74. Ra1 Bd6 75. Rb1 Kxa6 76. Ra1+ Kb5 77. Rc1 Kb6 78. Rc6+ Kb5 79. Rc5+
Kb4 80. Rc4+ 1/2-1/2

[Event "Karpos Open 2016"]
[Site "Skopje, MKD"]
[Date "2016.04.02"]
[Round "2"]
[Board "20"]
[White "Isgandarova, Khayala"]
[Black "Sundararajan, Kidambi"]
[Result "0-1"]
[WhiteElo "2215"]
[BlackElo "2474"]
[PlyCount "44"]
[EventDate "2016.04.01"]
[EventRounds "9"]
[EventCountry "MKD"]

1. e4 e6 2. d4 d5 3. Nc3 Nf6 4. e5 Nfd7 5. f4 c5 6. Nf3 Be7 7. Be3 b6 8. Qd2
Nc6 9. O-O-O c4 10. f5 b5 11. fxe6 fxe6 12. Ne2 b4 13. Kb1 c3 14. Qe1 O-O 15.
Nf4 Nb6 16. b3 a5 17. Bd3 a4 18. Qg3 axb3 19. cxb3 Nc4 20. Bc1 Qa5 21. a4 bxa3
22. bxc4 Rb8+ 0-1

[Event "Karpos Open 2016"]
[Site "Skopje, MKD"]
[Date "2016.04.02"]
[Round "2"]
[Board "21"]
[White "Nikolovski, Nikola"]
[Black "Enchev, Ivajlo"]
[Result "0-1"]
[WhiteElo "2197"]
[BlackElo "2470"]
[PlyCount "78"]
[EventDate "2016.04.01"]
[EventRounds "9"]
[EventCountry "MKD"]

1. e4 g6 2. d4 Bg7 3. Nc3 d6 4. Be2 Nf6 5. h4 h6 6. h5 g5 7. f4 gxf4 8. Bxf4 d5
9. exd5 Nxd5 10. Nxd5 Qxd5 11. Bf3 Qxd4 12. Qxd4 Bxd4 13. Ne2 Bg7 14. O-O-O e5
15. Rhe1 O-O 16. Be3 c6 17. g4 Be6 18. g5 hxg5 19. Bxg5 Nd7 20. Rg1 Kh7 21. Rd6
Rae8 22. Ng3 f5 23. h6 Bf6 24. Bd2 Rg8 25. Rg2 Re7 26. Nh5 Rxg2 27. Bxg2 Kg6
28. Ng3 Nf8 29. Rd8 Nh7 30. Bf3 Bg5 31. Rh8 Bxd2+ 32. Kxd2 Kxh6 33. Nh5 Kg6 34.
b3 Ng5 35. Be2 Rh7 36. Rb8 Ne4+ 37. Ke3 Nc3 38. Bf3 Bd5 39. Ng3 f4+ 0-1

[Event "Karpos Open 2016"]
[Site "Skopje, MKD"]
[Date "2016.04.02"]
[Round "2"]
[Board "22"]
[White "Tica, Sven"]
[Black "Annaberdiev, Meilis"]
[Result "0-1"]
[WhiteElo "2193"]
[BlackElo "2460"]
[PlyCount "78"]
[EventDate "2016.04.01"]
[EventRounds "9"]
[EventCountry "MKD"]

1. Nf3 g6 2. d4 Bg7 3. c4 d6 4. Nc3 Nd7 5. g3 e5 6. Bg2 Ne7 7. O-O O-O 8. e4
exd4 9. Nxd4 Nc6 10. Nxc6 bxc6 11. Qc2 Ne5 12. b3 c5 13. Bb2 Nc6 14. Ne2 Nd4
15. Nxd4 cxd4 16. c5 d3 17. Qd2 Bxb2 18. Qxb2 dxc5 19. Rfd1 Bg4 20. f3 Be6 21.
Rac1 Qd6 22. Bf1 Rfd8 23. Qf2 c4 24. bxc4 Qa3 25. Qd2 Rab8 26. Rc3 Qc5+ 27. Kg2
Rd6 28. Rxd3 Rxd3 29. Qxd3 h5 30. Qc3 a5 31. Rd2 a4 32. Be2 Kh7 33. Bd1 Qb4 34.
Qc2 a3 35. Be2 Qa5 36. Qc1 Rb1 37. Qxb1 Qxd2 38. Kf2 Bxc4 39. Qe1 Qxa2 0-1

[Event "Karpos Open 2016"]
[Site "Skopje, MKD"]
[Date "2016.04.02"]
[Round "2"]
[Board "23"]
[White "Firat, Burak"]
[Black "Burcu, Cagatay"]
[Result "0-1"]
[WhiteElo "2460"]
[BlackElo "2219"]
[PlyCount "120"]
[EventDate "2016.04.01"]
[EventRounds "9"]
[EventCountry "MKD"]

1. d4 d5 2. Nf3 Nf6 3. c4 c6 4. g3 Bg4 5. Ne5 Bf5 6. Nc3 e6 7. Qb3 Qb6 8. c5
Qxb3 9. axb3 Nbd7 10. Nxd7 Nxd7 11. b4 e5 12. dxe5 d4 13. Na4 a5 14. Nb6 Nxb6
15. cxb6 Bxb4+ 16. Bd2 O-O 17. Bg2 Bxd2+ 18. Kxd2 Ra6 19. Kc1 Rxb6 20. Rxa5 Rb4
21. Rd1 Rc4+ 22. Kd2 Rc2+ 23. Ke1 Rxb2 24. Rxd4 h6 25. h3 g5 26. h4 Be6 27. f4
gxh4 28. gxh4 Rc8 29. Rc5 Ra8 30. Be4 Raa2 31. Bd3 Kf8 32. Kf2 Bg4 33. Bc4 Ra4
34. Rd8+ Ke7 35. Rg8 Bxe2 36. Bxe2 Raa2 37. Rb8 Rxe2+ 38. Kf3 Reb2 39. Kg4 Ra4
40. Rxc6 Rg2+ 41. Kf3 bxc6 42. Kxg2 Rxf4 43. Kg3 Rf5 44. Rh8 h5 45. Rh6 c5 46.
Rc6 Rxe5 47. Kf4 f6 48. Ra6 Kf7 49. Rc6 Kg6 50. Rb6 Rd5 51. Rc6 Rd4+ 52. Ke3
Rc4 53. Kd3 Rxh4 54. Rxc5 Rf4 55. Ke3 Rf5 56. Rc1 h4 57. Ke4 h3 58. Rh1 Rh5 59.
Rh2 Kg5 60. Kf3 Kh4 0-1

[Event "Karpos Open 2016"]
[Site "Skopje, MKD"]
[Date "2016.04.02"]
[Round "2"]
[Board "24"]
[White "Vojinovic, Goran"]
[Black "Sevgi, Volkan"]
[Result "1-0"]
[WhiteElo "2449"]
[BlackElo "2201"]
[PlyCount "111"]
[EventDate "2016.04.01"]
[EventRounds "9"]
[EventCountry "MKD"]

1. d4 d5 2. c4 e6 3. Nf3 c6 4. Qc2 f5 5. Bf4 Nf6 6. e3 Be7 7. h3 O-O 8. Nc3 Ne4
9. O-O-O Qa5 10. Kb1 Nd7 11. Ne5 Nxe5 12. Bxe5 Bd7 13. Nxe4 fxe4 14. f3 b5 15.
c5 Bh4 16. g3 Bg5 17. Bf4 Bxf4 18. gxf4 b4 19. fxe4 b3 20. Qxb3 Rab8 21. Qc2
Rb4 22. b3 Rfb8 23. Rd3 Rc4 24. Qd2 Rcb4 25. Rh2 Be8 26. Rf2 dxe4 27. Rc3 Bg6
28. Qc1 Qd8 29. Bg2 a5 30. Rc4 Qh4 31. Rxb4 Rxb4 32. Rb2 Rb8 33. a3 Qe7 34. Qe1
Qd8 35. Bf1 Bf5 36. h4 h5 37. Bc4 g6 38. Qg3 Kh7 39. Ka2 Qe7 40. Qe1 Qa7 41.
Rg2 Rf8 42. Qg3 Qf7 43. Rc2 Rb8 44. Kb2 Bg4 45. f5 Rf8 46. Bxe6 Qg7 47. f6 Qxf6
48. Bxg4 hxg4 49. Qxg4 a4 50. h5 g5 51. Qxe4+ Kh6 52. b4 Rg8 53. b5 cxb5 54. c6
b4 55. c7 bxa3+ 56. Ka2 1-0

[Event "Karpos Open 2016"]
[Site "Skopje, MKD"]
[Date "2016.04.02"]
[Round "3"]
[Board "1"]
[White "Stojanovski, Dejan"]
[Black "Markus, Robert"]
[Result "1/2-1/2"]
[WhiteElo "2437"]
[BlackElo "2651"]
[PlyCount "24"]
[EventDate "2016.04.01"]
[EventRounds "9"]
[EventCountry "MKD"]

1. d4 Nf6 2. Nf3 g6 3. Bg5 Bg7 4. Nbd2 c5 5. e3 Qb6 6. Nc4 Qc7 7. Be2 d6 8. O-O
Nbd7 9. Bh4 O-O 10. a4 b6 11. c3 Bb7 12. Bd3 Rfe8 1/2-1/2

[Event "Karpos Open 2016"]
[Site "Skopje, MKD"]
[Date "2016.04.02"]
[Round "3"]
[Board "2"]
[White "Perunovic, Milos"]
[Black "Tosic, Miroslav"]
[Result "1-0"]
[WhiteElo "2641"]
[BlackElo "2418"]
[PlyCount "89"]
[EventDate "2016.04.01"]
[EventRounds "9"]
[EventCountry "MKD"]

1. e4 e5 2. Nf3 Nc6 3. Bb5 a6 4. Ba4 Nf6 5. O-O Be7 6. Re1 b5 7. Bb3 d6 8. c3
O-O 9. d4 Bg4 10. d5 Na5 11. Bc2 Bd7 12. Nbd2 c6 13. b4 Nc4 14. Nxc4 bxc4 15.
Nxe5 dxe5 16. d6 Be6 17. dxe7 Qxe7 18. Be3 Rfd8 19. Qe2 Qc7 20. a4 a5 21. Red1
Rxd1+ 22. Rxd1 Nd7 23. Qd2 Kf8 24. h3 c5 25. bxa5 Ke7 26. f4 exf4 27. Bxf4 Ne5
28. a6 h6 29. Qf2 g5 30. Bh2 Rxa6 31. Rf1 Bd7 32. Bxe5 Qxe5 33. Qxf7+ Kd8 34.
Qxc4 Rd6 35. a5 Rd2 36. Rf8+ Ke7 37. Qf7+ Kd6 38. Qg6+ Ke7 39. Qf7+ Kd6 40.
Qg6+ Ke7 41. Bb3 c4 42. Rf7+ Kd8 43. Qb6+ Ke8 44. Bxc4 Qg3 45. Rf8+ 1-0

[Event "Karpos Open 2016"]
[Site "Skopje, MKD"]
[Date "2016.04.02"]
[Round "3"]
[Board "3"]
[White "Plenca, Jadranko"]
[Black "Romanov, Evgeny"]
[Result "1/2-1/2"]
[WhiteElo "2400"]
[BlackElo "2635"]
[PlyCount "74"]
[EventDate "2016.04.01"]
[EventRounds "9"]
[EventCountry "MKD"]

1. e4 e5 2. Nf3 Nc6 3. Bc4 Bc5 4. d3 Nf6 5. O-O d6 6. c3 O-O 7. Nbd2 a6 8. Bb3
Ba7 9. h3 h6 10. Re1 Be6 11. Bc2 Re8 12. Nf1 d5 13. exd5 Bxd5 14. Ng3 Nd7 15.
Be3 Bxe3 16. Rxe3 Be6 17. d4 exd4 18. Nxd4 Nxd4 19. Qxd4 Nf6 20. Qc5 Qd7 21.
Ne4 Nxe4 22. Bxe4 c6 23. Bf3 Qc7 24. a4 a5 25. b4 Rec8 26. Re5 axb4 27. cxb4
Rd8 28. b5 Ra5 29. Ree1 Rda8 30. Rac1 Qf4 31. Qb6 Rxa4 32. bxc6 bxc6 33. Bxc6
Rc8 34. Bxa4 Rxc1 35. Qd8+ Kh7 36. Rxc1 Qxc1+ 37. Qd1 Qxd1+ 1/2-1/2